Корреляционная теория стационарных случайных функций. С примерами из метеорологии

التفاصيل البيبلوغرافية
المؤلف الرئيسي: Яглом А. М. Акива Моисеевич
اللغة:الروسية
منشور في: Ленинград, Гидрометеоиздат, 1981
الموضوعات:
التنسيق: كتاب
KOHA link:https://koha.lib.tpu.ru/cgi-bin/koha/opac-detail.pl?biblionumber=67726

MARC

LEADER 00000nam0a2200000 4500
001 67726
005 20231031073824.0
035 |a (RuTPU)RU\TPU\book\72118 
090 |a 67726 
100 |a 20040922d1981 k y0rusy50 ca 
101 0 |a rus 
102 |a RU 
105 |a a z 001zy 
200 1 |a Корреляционная теория стационарных случайных функций. С примерами из метеорологии  |f А. М. Яглом 
210 |a Ленинград  |c Гидрометеоиздат  |d 1981 
215 |a 279 с.  |c ил. 
320 |a Библиогр.: с. 265-279. 
610 1 |a случайные функции 
610 1 |a определение 
610 1 |a свойства 
610 1 |a спектральное разложение 
610 1 |a примеры 
610 1 |a метеорология 
675 |a 519.21  |v 3 
700 1 |a Яглом  |b А. М.  |g Акива Моисеевич 
801 1 |a RU  |b 63413507  |c 20040922  |g PSBO 
801 2 |a RU  |b 63413507  |c 20211229  |g PSBO 
942 |c BK